| 000 | 00687nam a2200217 a 4500 | ||
|---|---|---|---|
| 005 | 20210223124840.0 | ||
| 008 | 030304s2001 mx r 000 0 spa d | ||
| 020 | _a9707011564 | ||
| 035 | _aUPN01000122374 | ||
| 049 | _aCG | ||
| 050 | 4 |
_aHT243 M6 _bM4.3 |
|
| 245 | 0 | 0 |
_aMedio ambiente, ciudad y orden jurídico / _ccoord. Mario Bassols. |
| 260 |
_aMéxico : _bUAM-Iztapalapa : _bM. A. Porrúa, _c2001. |
||
| 300 | _a420 p. | ||
| 440 | 3 |
_aLas ciencias sociales. _pSegunda década |
|
| 650 | 4 |
_aECOLOGIA URBANA - _zMEXICO _916770 |
|
| 650 | 4 |
_aDERECHO AMBIENTAL - _zMEXICO _914079 |
|
| 650 | 4 |
_aDERECHO AMBIENTAL - _zFRANCIA _914078 |
|
| 700 | 1 |
_aBassols, Mario, _ecoord. |
|
| 905 | _aLibro | ||
| 999 |
_c94568 _d94568 |
||